000 00795nam a22002417a 4500
999 _c14690
_d14690
003 AR-CdUCM
008 190424b ||||| |||| 00| 0 spa d
020 _a978-607-618-050-1
040 _aMUNICIPALIDAD PROVINCIAL DEL CUSCO
_cBIBLIOTECA MUNICIPAL DEL CUSCO
041 _heng
082 _aPI / 803.08 /
_bD82
110 _aDisney Enterprises, Inc.
_931708
245 _aDisney Princesa La Sirenita :
_bUn amigo fiel /
260 _aMéxico :
_bSilver Dolphin,
_c2013.
300 _bilustraciones,
_c17 cm.
440 _aMi pequeña biblioteca.
_932773
650 _aCuento infantil
_93319
650 _aPrimera infancia
_924660
650 _aLiteratura infantil
_9588
700 _aCaballero del Moral, Samantha (traducción)
_932774
942 _2ddc
_cLIBROS
945 _aachl
_d2019-04-24